00390nam a2200157 a 450000100060000000300090000600800410001502000150005604000280007108200190009910000290011824500150014726000370016230000110019965000220021019710CO-ViMGA141112s2004 ck r 000 u spa d a9584205552 aCO-ViMGAbspacCO-ViMGA04aCo863.44 C177t1 aCastro Caycedo, Germán10aSin Tregua aBogotá : bEd. Planeta, c2003 a252 p.14aNOVELA COLOMBIANA